000 01088nam a2200301 a 4500
001 62461
003 BD-RjUL
005 20211209081104.0
008 170124s1993 meuab 001 0 eng
020 _a0877423172 :
_c$24.95
035 _a(BD-RjUL)62587
040 _aDLC
_cDLC
_dBD-RjUL
_beng
041 _aeng
082 0 0 _a799.16614
_223
_bNOR 1993
245 1 0 _aNortheast guide to saltwater fishing and boating /
_cedited by Vin T. Sparano ; compiled with James Eckes.
260 _aCamden, Me. :
_bInternational Marine,
_cc1993.
300 _axiii, 366 p. :
_bill., ;
_c28 cm.
500 _aIncludes index.
650 0 _aSaltwater fishing
_zNortheastern States
_xGuidebooks.
_9185730
650 0 _aBoats and boating
_zNortheastern States
_xGuidebooks.
_9185731
650 0 _aSaltwater fishing
_zNortheastern States.
_9185732
650 0 _aBoats and boating
_zNortheastern States.
_9185733
700 1 _aSparano, Vin T.
_9185734
700 1 _aEckes, James.
_9185735
740 0 _aNortheast guide to saltwater fishing & boating.
942 _2ddc
_cBK
999 _c62461
_d62461